[Event "CZE-ch U16"]
[Site "Kouty nad Desnou"]
[Date "2024.03.14"]
[Round "7"]
[White "Zrubek, Dan"]
[Black "Ulcak, Michael"]
[Result "1/2-1/2"]
[WhiteElo "1882"]
[BlackElo "1929"]
[PlyCount "65"]
[EventDate "2024.03.09"]
[EventType "swiss"]
[EventRounds "9"]
[EventCountry "CZE"]
[SourceTitle "CB12_2024"]
[SourceDate "2023.10.01"]
[SourceVersion "1"]
[SourceVersionDate "2023.10.01"]
[SourceQuality "1"]

1. e4 c6 2. Nf3 d5 3. Nc3 Bg4 4. h3 Bxf3 5. Qxf3 e6 6. Be2 Nf6 7. Qf4 dxe4 8. Nxe4 Nxe4 9. Qxe4 Nd7 10. c3 Nf6 11. Qf3 Qd5 12. d4 Qxf3 13. Bxf3 0-0-0 14. Bg5 Be7 15. 0-0-0 Nd5 16. Bxe7 Nxe7 17. Rhe1 Rd7 18. Kc2 Rhd8 19. g3 Ng6 20. Be4 Ne7 21. Bf3 Ng6 22. b4 Kc7 23. a4 b5 24. Ra1 Kb6 25. axb5 cxb5 26. Ra5 a6 27. Rea1 Ra7 28. Be2 Rdd7 29. c4 bxc4 30. Kc3 Ne7 31. Bxc4 Nd5+ 32. Kb3 Nc7 33. Kc3 1/2-1/2

[Event "CZE-ch U16"]
[Site "Kouty nad Desnou"]
[Date "2024.03.13"]
[Round "6"]
[White "Ulcak, Michael"]
[Black "Stein, Michael1"]
[Result "1/2-1/2"]
[WhiteElo "1929"]
[BlackElo "1883"]
[PlyCount "87"]
[EventDate "2024.03.09"]
[EventType "swiss"]
[EventRounds "9"]
[EventCountry "CZE"]
[SourceTitle "CB12_2024"]
[SourceDate "2023.10.01"]
[SourceVersion "1"]
[SourceVersionDate "2023.10.01"]
[SourceQuality "1"]

1. d4 d5 2. c4 e6 3. Nc3 c5 4. cxd5 exd5 5. Nf3 Nf6 6. Bg5 cxd4 7. Bxf6 Qxf6 8. Nxd5 Qd8 9. Qxd4 Be6 10. Nc3 Nc6 11. Qxd8+ Rxd8 12. a3 Be7 13. e3 0-0 14. Be2 Bf6 15. Rc1 Na5 16. 0-0 Bc4 17. b4 Bxe2 18. Nxe2 Nc6 19. Rc2 Rd3 20. Ra2 Rfd8 21. b5 Na5 22. Ned4 Nb3 23. Nxb3 Rxb3 24. a4 Rc8 25. Rd1 Rb4 26. Kf1 Rc7 27. Ke2 Kf8 28. Rd3 Ke8 29. Nd2 Rd7 30. Rxd7 Kxd7 31. Kd3 g6 32. Ne4 Bg7 33. Nc5+ Kc7 34. Rc2 Kb6 35. e4 Rd4+ 36. Ke3 Rd1 37. Nd3 Ra1 38. Rc4 Ra3 39. Ke2 Ra2+ 40. Kf3 Ra3 41. Ke2 Ra2+ 42. Ke3 Ra3 43. g3 Bf6 44. e5 1/2-1/2

[Event "CZE-ch U16"]
[Site "Kouty nad Desnou"]
[Date "2024.03.12"]
[Round "5"]
[White "Ulcak, Michael"]
[Black "Buchtova, Viktorie"]
[Result "1-0"]
[WhiteElo "1929"]
[BlackElo "1874"]
[PlyCount "45"]
[EventDate "2024.03.09"]
[EventType "swiss"]
[EventRounds "9"]
[EventCountry "CZE"]
[SourceTitle "CB12_2024"]
[SourceDate "2023.10.01"]
[SourceVersion "1"]
[SourceVersionDate "2023.10.01"]
[SourceQuality "1"]

1. e4 c5 2. Nc3 Nc6 3. Bb5 Nd4 4. Bc4 e6 5. Nge2 Nf6 6. 0-0 d5 7. exd5 exd5 8. Nxd5 Nxd5 9. Nxd4 cxd4 10. Qh5 Be6 11. Re1 Nf4 12. Bb5+ Ke7 13. Qg5+ f6 14. Qxf4 Kf7 15. d3 a6 16. Rxe6 Kxe6 17. Qe4+ Kd6 18. Qxd4+ Ke6 19. Qe4+ Kd6 20. Bf4+ Kc5 21. Qc4+ Kb6 22. Be3+ Ka5 23. Qa4# 1-0

[Event "Svetla nad Sazavou Mares Memorial"]
[Site "Svetla nad Sazavou"]
[Date "2023.12.29"]
[Round "9"]
[White "Svizensky, Lubos"]
[Black "Ulcak, Michael"]
[Result "1/2-1/2"]
[WhiteElo "1811"]
[BlackElo "1589"]
[PlyCount "108"]
[EventDate "2023.12.29"]
[EventType "swiss"]
[EventRounds "9"]
[EventCountry "CZE"]
[SourceTitle "CB02_2024"]
[SourceDate "2024.01.10"]
[SourceVersion "1"]
[SourceVersionDate "2024.01.10"]
[SourceQuality "1"]

1. d4 d5 2. Nf3 Nf6 3. c4 dxc4 4. e3 e6 5. Bxc4 c5 6. 0-0 Nc6 7. dxc5 Qxd1 8. Rxd1 Bxc5 9. Nc3 0-0 10. a3 a6 11. b4 Be7 12. Bb2 b5 13. Bd3 Bb7 14. Ne4 Rfd8 15. Nxf6+ Bxf6 16. Bxf6 gxf6 17. Kf1 Ne5 18. Be2 Nc4 19. Bxc4 bxc4 20. Ke2 Be4 21. Ne1 Rac8 22. f3 Bd3+ 23. Nxd3 cxd3+ 24. Ke1 Rc2 25. Rd2 f5 26. Rxc2 dxc2 27. Rc1 Rd3 28. Ke2 Rxa3 29. Rxc2 Rb3 30. Ra2 Rxb4 31. Rxa6 Rb2+ 32. Kf1 Kg7 33. Ra3 Kf6 34. h3 h5 35. Ra4 Rb3 36. Kf2 Rb2+ 37. Kg3 Re2 38. Ra3 h4+ 39. Kxh4 Rxg2 40. f4 Rg8 41. Rd3 Rg1 42. Rb3 Kg7 43. Rd3 Rg2 44. Rc3 Kf6 45. Rd3 Ke7 46. Kh5 Rh2 47. Kh4 Rg2 48. Kh5 Rg6 49. Kh4 Rg1 50. Kh5 Rg3 51. Kh4 Rf3 52. Rb3 e5 53. Rb7+ Kf6 54. Rb6+ Kg7 1/2-1/2

[Event "Brno Trade op"]
[Site "Brno"]
[Date "2021.08.29"]
[Round "1"]
[White "Kuchar, Matej"]
[Black "Ulcak, Michael"]
[Result "1/2-1/2"]
[WhiteElo "1998"]
[BlackElo "1470"]
[PlyCount "59"]
[EventDate "2021.08.29"]
[EventType "swiss"]
[EventRounds "9"]
[EventCountry "CZE"]
[SourceTitle "CBM 204 Extra"]
[Source "ChessBase"]
[SourceDate "2021.11.30"]
[SourceVersion "1"]
[SourceVersionDate "2021.11.30"]
[SourceQuality "1"]

1. e4 e5 2. Nf3 Nc6 3. Bb5 Nf6 4. 0-0 Nxe4 5. d4 Nd6 6. Ba4 Be7 7. dxe5 Nf5 8. Nc3 0-0 9. Nd5 b6 10. Nxe7+ Qxe7 11. Re1 Bb7 12. Qd3 Nh4 13. Nxh4 Qxh4 14. Re4 Qe7 15. Qg3 Qe6 16. Bb3 d5 17. Bg5 Kh8 18. Rae1 Ne7 19. Bxe7 Qxe7 20. Rd4 c5 21. Rh4 f5 22. c3 Rad8 23. f4 d4 24. Rh3 d3 25. Qg6 h6 26. Rd1 c4 27. Bxc4 Qc5+ 28. Kh1 Qxc4 29. Rxh6+ gxh6 30. Qxh6+ 1/2-1/2